UNDERSTANDING COMPUTERS / (Record no. 566352)
[ view plain ]
| 000 -LEADER | |
|---|---|
| fixed length control field | 00346nam a22001457a 4500 |
| 020 ## - INTERNATIONAL STANDARD BOOK NUMBER | |
| Qualifying information | PB. |
| 040 ## - CATALOGING SOURCE | |
| Transcribing agency | FIZZA ISHAQ |
| 082 ## - DEWEY DECIMAL CLASSIFICATION NUMBER | |
| Classification number | 004 |
| Author Mark | DEB |
| 100 ## - MAIN ENTRY--PERSONAL NAME | |
| Personal name | MORLAY, DEBORAH. |
| 9 (RLIN) | 55513 |
| 245 ## - TITLE STATEMENT | |
| Title | UNDERSTANDING COMPUTERS / |
| Statement of responsibility, etc. | DEBORAH MORLAY |
| 250 ## - EDITION STATEMENT | |
| Edition statement | 6TH ED. |
| 260 ## - PUBLICATION, DISTRIBUTION, ETC. | |
| Place of publication, distribution, etc. | NEW YORK : |
| Name of publisher, distributor, etc. | LEARNING, |
| Date of publication, distribution, etc. | 2013. |
| 300 ## - PHYSICAL DESCRIPTION | |
| Extent | 327 P. ; |
| 942 ## - ADDED ENTRY ELEMENTS (KOHA) | |
| Source of classification or shelving scheme | |
| Koha item type | Book |
| Withdrawn status | Lost status | Source of classification or shelving scheme | Damaged status | Not for loan | Permanent Location | Current Location | Date acquired | Total Checkouts | Full call number | Barcode | Date last seen | Price effective from | Koha item type |
|---|---|---|---|---|---|---|---|---|---|---|---|---|---|
| NUST Baluchistan Campus (NBC) | NUST Baluchistan Campus (NBC) | 06/25/2021 | 004 DEB | Q-2001 | 06/25/2021 | 06/25/2021 | Book |
